Colour Television (Record no. 196205)
[ view plain ]
| 000 -LEADER | |
|---|---|
| fixed length control field | 01084 a2200157 4500 |
| 003 - CONTROL NUMBER IDENTIFIER | |
| control field | Nust |
| 005 - DATE AND TIME OF LATEST TRANSACTION | |
| control field | 20170207154248.0 |
| 040 ## - CATALOGING SOURCE | |
| Transcribing agency | Nust |
| 082 ## - DEWEY DECIMAL CLASSIFICATION NUMBER | |
| Classification number | 621.388 |
| 100 ## - MAIN ENTRY--PERSONAL NAME | |
| Personal name | Bali,SP |
| 245 ## - TITLE STATEMENT | |
| Title | Colour Television |
| Remainder of title | Theory and Practice |
| Statement of responsibility, etc. | SP Bali |
| 260 ## - PUBLICATION, DISTRIBUTION, ETC. | |
| Place of publication, distribution, etc. | London |
| Name of publisher, distributor, etc. | Mc Graw-Hill |
| Date of publication, distribution, etc. | 1994 |
| 300 ## - PHYSICAL DESCRIPTION | |
| Extent | xii,483p; |
| 505 ## - FORMATTED CONTENTS NOTE | |
| Formatted contents note | Elements of Colour (Page-1)Composite Colour Signal (Page-13) Colour TV Systems (Page-45) Colour Picture Tube (Page-83) nColour TV Receiver Controls (page-127) Colour TV Receivers (Page-146) ITT ( German) Colour TV Receiver (Page-176) Samsung (Korean) Colour TV Recover (page-206) Mitsubishi Colour TV Receiver (Page-248) Bel Colour TV Receiver CTS-86 (Page-258) System Compatibility (Page-288) Test Charts (Page-296) Projection TV (Page-303) Digital Jargon (Page-325) Teletext and View Data (Pae-333) Video Cassette Recorders (Page-244) Cable Television (Page-357) Video Game (Page-372) Video Disc (Page-378) Video Camera (Page-387) Satellite TV (Page-393) High Definition TV (Page-400) Digital TV (Page-414) Safety (Page-428) |
| 538 ## - SYSTEM DETAILS NOTE | |
| System details note | Almirah No.27 Shelf No.2 |
| 942 ## - ADDED ENTRY ELEMENTS (KOHA) | |
| Koha item type | Reference |
| Withdrawn status | Lost status | Source of classification or shelving scheme | Damaged status | Not for loan | Collection code | Permanent Location | Current Location | Date acquired | Total Checkouts | Full call number | Barcode | Date last seen | Price effective from | Koha item type |
|---|---|---|---|---|---|---|---|---|---|---|---|---|---|---|
| Military College of Signals (MCS) | Military College of Signals (MCS) | 12/12/2016 | 621.388 BAL | MCS30263 | 12/08/2016 | 12/12/2016 | Book |
